000 00277nam a22001217a 4500
008 190312b xxu||||| |||| 00| 0 eng d
041 _aeng
080 _a043.3
100 _a0
101 _aSHKI-BA
245 _aDizajnimi i Software-it për SLS
_cDabiqaj,D
942 _2udc
_cBK
999 _c54714
_d54714